Top 15 Rugby Nations - Statistics

General Stats
  • This quiz has been taken 572 times
  • The average score is 14 of 15
Answer Stats
Hint Answer % Correct
4 Australia
97%
3 England
97%
5 France
97%
6 Ireland
97%
1 New Zealand
97%
2 South Africa
96%
9 Scotland
95%
7 Wales
95%
10 Argentina
89%
11 Italy
89%
12 Fiji
85%
8 Samoa
83%
14 Japan
82%
13 Tonga
80%
15 Canada
74%
No matching quizzes found
Score Distribution
Percent of People with Each Score
Percentile by Number Answered
Your Score History
You have not taken this quiz